ABNizando cuentos en educación infantil (3 años) : (Record no. 209959)
[ view plain ]
| 000 -CABECERA | |
|---|---|
| campo de control de longitud fija | 00993nam a2200277 a 4500 |
| 005 - FECHA Y HORA DE LA ÚLTIMA TRANSACCIÓN | |
| campo de control | 20260326145557.0 |
| 008 - DATOS DE LONGITUD FIJA--INFORMACIÓN GENERAL | |
| campo de control de longitud fija | 230804t2021 sp a||||r|||| 000 0 spa d |
| 020 ## - NÚMERO INTERNACIONAL NORMALIZADO PARA LIBROS | |
| Número Internacional Normalizado del libro | 9788499872163 |
| 040 ## - FUENTE DE CATALOGACIÓN | |
| Agencia de catalogación original | MX-MxUPN |
| Idioma de catalogación | spa |
| Agencia que realiza la transcripción | MX-MxUPN |
| 041 0# - | |
| -- | spa |
| 050 14 - | |
| -- | LB1186 |
| -- | G37 2021 |
| 100 1# - | |
| -- | García Martínez, Lucía |
| -- | 49775 |
| 100 1# - | |
| -- | Murillo García, Maite |
| -- | 49776 |
| 245 10 - MENCIÓN DE TÍTULO | |
| Título | ABNizando cuentos en educación infantil (3 años) : |
| Parte restante del título | por y para una escuela que engloba la matemática con el mundo de la literatura infantil |
| 250 ## - MENCIÓN DE EDICIÓN | |
| Mención de edición | Primera edición. |
| 260 ## - PUBLICACION, DISTRIBUCION, ETC. (PIE DE IMPRENTA) | |
| Lugar de publicación, distribución, etc. | Madrid : |
| Nombre del editor, distribuidor, etc. | Wolters Kluwer, |
| Fecha de publicación, distribución, etc. | ©2021. |
| 300 ## - DESCRIPCIÓN FÍSICA | |
| Extensión | 231 páginas : |
| Otros detalles físicos | ilustraciones |
| 490 0# - | |
| -- | Cuadernos de pedagogía |
| 504 ## - | |
| -- | Incluye referencias bibliográficas. |
| 650 #4 - | |
| -- | Matemáticas |
| -- | Estudio y enseñanza (Preescolar) |
| -- | 4038 |
| 650 #4 - | |
| -- | Matemáticas en la literatura |
| -- | 12997 |
| 902 ## - ELEMENTOS DE DATOS B LOCAL, LDB (RLIN) | |
| Creó | MarielOrtiz/040823 |
| Modificó | Víctor Ruiz/210823 |
| 942 ## - ELEMENTOS DE PUNTO DE ACCESO ADICIONAL (KOHA) | |
| Fuente del sistema de clasificación o colocación | Library of Congress Classification |
| Tipo de ítem Koha | Libro |
| Estado de retiro | Estado de pérdida | Fuente del sistema de clasificación o colocación | Estado dañado | No para préstamo | Código de colección | Localización permanente | Ubicación/localización actual | Ubicación en estantería | Fecha de adquisición | Signatura topográfica completa | Código de barras | Fecha visto por última vez | Precio válido a partir de | Tipo de ítem Koha |
|---|---|---|---|---|---|---|---|---|---|---|---|---|---|---|
| Library of Congress Classification | Colección General | Bib. Gregorio Torres Quintero | Bib. Gregorio Torres Quintero | Planta baja | 04/08/2023 | LB1186 G37 2021 | 336882 | 04/08/2023 | 04/08/2023 | Libro |
